• 首页
  • 本馆介绍
  • 公告通知
  • 最新文献
  • 馆藏检索
  • 电子资源
  • 读者导购
  • 参考咨询
  • 我的图书馆
  • 登录
  • 详细信息显示
  • 放入我的书架
  • 预约/预借图书
  • 作者相关作品
  • 分类相关作品
  • 丛书相关作品
  • 出版社相关作品

书目信息

  • 表格格式
  • 工作单格式
  • 卡片格式
题名:
莱布尼茨
    
 
作者: 美加勒特·汤姆森 ;李素霞
分册:  
出版信息: 北京   中华书局  2002
页数: 121页
开本: 20cm
丛书名:
单 册:
中图分类: B516.22
科图分类:
主题词: 哲学--欧洲
电子资源:
ISBN: 7-101-03392-X
000 00592nam0 2200193 450
001 0728815141
005 20070819080015.14
010    @a7-101-03392-X@d¥8.00
100    @a20070819d km y0chiy0120 ea
101 0  @achi
200 1  @a莱布尼茨@Alai bu ni ci@f[美]加勒特.汤姆森@F[mei]jia le te.tang mu sen@g李素霞等@Gli su xia deng
210    @a北京@c中华书局@d2002
215    @a121页@d20cm
606 0  @a哲学@x欧洲
690    @aB516.22@v3
701  0 @a美加勒特·汤姆森@Amei jia le te·tang mu sen
702  0 @a李素霞@Ali su xia
801  0 @aCN@bPFT@c20070819
905    @a213230@dB516.22@eZW374@f1
    
    莱布尼茨/[美]加勒特.汤姆森/李素霞等.-北京:中华书局,2002
    121页;20cm
    
    
    ISBN 7-101-03392-X:¥8.00
    
●
相关链接 在E读中查询图书 在五车中查询图书 在当当中查询图书 在豆瓣中查询图书


正题名:莱布尼茨     索取号:B516.22/ZW374         预约/预借

序号 登录号 条形码 馆藏地/架位号 状态 备注
1 7600541   276005412   密集书库-文学院/ [索取号:B516.22/ZW374] 在馆    
唐山师范学院图书馆 欢迎您!
大连网信软件有限公司© 版权所有